Decretos leyes en materia penal
Gardado en:
| Autor Principal: | |
|---|---|
| Formato: | Libro |
| Idioma: | Lingua castelá |
| Publicado: |
Valparaíso
EDEVAL
1975
|
| Edición: | 1a. ed |
| Series: | Colección de Legislación Comentada, 4
|
| Subjects: | |
| Tags: |
Engadir etiqueta
Sen Etiquetas, Sexa o primeiro en etiquetar este rexistro!
|
MARC
| LEADER | 00000cam a2200000 a 4500 | ||
|---|---|---|---|
| 001 | UCC4417 | ||
| 003 | CL-VaPUC | ||
| 008 | 180803e19750000cl |||||||||||||||||spa|d | ||
| 082 | 0 | 4 | |a 345.83 |b VIL |2 21 |
| 100 | 0 | |a Villar Brito, Waldo Humberto del |e author |9 598678 | |
| 245 | 1 | 0 | |a Decretos leyes en materia penal |
| 250 | |a 1a. ed | ||
| 300 | |a 55 p | ||
| 942 | |c BK | ||
| 945 | |d 20180803 12:44:00 |a dcastane | ||
| 260 | |a Valparaíso |b EDEVAL |c 1975 | ||
| 650 | 7 | |a DERECHO PENAL CHILENO |2 CL-VaPUC |9 598679 | |
| 583 | |a last modification |c 20180803 12:44:00 |k Rodrigo Vera | ||
| 490 | 0 | |a Colección de Legislación Comentada, 4 | |
| 999 | |c 371969 |d 371967 | ||
| 952 | |0 0 |1 0 |2 ddc |3 erb |4 0 |6 345_830000000000000_VIL_1975 |7 0 |8 A |9 489187 |a BIBDER |b BIBDER |e Mateluna Arestizabal, Alfredo Sergio |i 5484251 |o 345.83 VIL 1975 |p 5484251 |r 2023-01-25 |w 2019-11-24 |y MX |z Catalogado en:20180803 |k DER | ||
| 952 | |0 0 |1 0 |2 ddc |3 erb |4 0 |6 345_830000000000000_VIL_1975 |7 0 |8 A |9 489188 |a BIBDER |b BIBDER |e Mateluna Arestizabal, Alfredo Sergio |i 549009K |o 345.83 VIL 1975 |p 549009K |r 2023-01-25 |w 2019-11-24 |y MX |z Catalogado en:20181005 |k DER | ||